| 000 | 00960nam a2200325 a 4500 | ||
|---|---|---|---|
| 003 | AR-BaBNM | ||
| 005 | 20251128205712.0 | ||
| 008 | 082120s2002 ||||||||||||||000 | spa|| | ||
| 020 | _a84-7738-135-6 | ||
| 040 | _cAR-BaBNM | ||
| 100 | 1 | _aRomero González, Juan | |
| 245 | 0 | 0 | _aDesigualdades y nueva pobreza en el mundo desarrollado |
| 260 |
_aMadrid _bSíntesis _c1992 |
||
| 300 |
_a151 p. _btablas, gráfs. |
||
| 490 | 0 |
_aEspacios y sociedades _vv. 24 |
|
| 504 | _aBibliografía para consultar p. 145-151 | ||
| 650 | 4 | _aPOBREZA | |
| 650 | 4 | _aCONDICIONES DE VIDA | |
| 650 | 4 | _aDIFERENCIACION SOCIAL | |
| 650 | 4 | _aDIFERENCIACION CULTURAL | |
| 650 | 4 | _aESTRUCTURA SOCIAL | |
| 650 | 4 | _aPOLITICA ECONOMICA | |
| 650 | 4 | _aSUBDESARROLLO | |
| 700 | 1 | _aPérez Esparcia, Javier | |
| 700 | 1 | _aGarcía Roca, Joaquín | |
| 800 | 1 |
_aVinuesa Angulo, Julio _edirector |
|
| 800 | 1 |
_aPuyol Antolín, Rafael _edirector |
|
| 942 | _cBK | ||
| 998 | _cMariana | ||
| 999 |
_c12467 _d12467 |
||